Central Library OPAC University of Rajshahi

Greek foundations of traditional logic / (Record no. 30299)

MARC details
000 -LEADER
fixed length control field 00715cam a2200253u 4500
001 - CONTROL NUMBER
control field 30299
003 - CONTROL NUMBER IDENTIFIER
rucl marc code BD-RjUL
005 - DATE AND TIME OF LATEST TRANSACTION
control field 20211209051537.0
008 - FIXED-LENGTH DATA ELEMENTS--GENERAL INFORMATION
fixed length control field 140409s1942 nyu 001 0 eng
035 ## - SYSTEM CONTROL NUMBER
System control number (BD-RjUL)30384
040 ## - CATALOGING SOURCE
Original cataloging agency DLC
Transcribing agency CarP
Modifying agency DLC
Language of cataloging eng
041 ## - LANGUAGE CODE
Language code of text/sound track or separate title eng
082 ## - DEWEY DECIMAL CLASSIFICATION NUMBER
Classification number 160
Author mark and year KAG 1942
100 1# - MAIN ENTRY--PERSONAL NAME
Personal name Kapp, Ernst,
Dates associated with a name 1888- [from old catalog]
9 (RLIN) 92108
245 10 - TITLE STATEMENT
Title Greek foundations of traditional logic /
Statement of responsibility, etc. Ernst Kapp
260 ## - PUBLICATION, DISTRIBUTION, ETC. (IMPRINT)
Place of publication, distribution, etc. New York :
Name of publisher, distributor, etc. Colombia press,
Date of publication, distribution, etc. 1942.
300 ## - PHYSICAL DESCRIPTION
Pagination 95 p. ;
Size 23 cm.
504 ## - BIBLIOGRAPHY, ETC. NOTE
Bibliography, etc includes index
650 #0 - SUBJECT ADDED ENTRY--TOPICAL TERM
Topical term or geographic name as entry element Logic
General subdivision History. [from old catalog]
9 (RLIN) 92109
Topical term or geographic name as entry element Philosophy, Ancient.
9 (RLIN) 3836
942 ## - ADDED ENTRY ELEMENTS (KOHA)
Source of classification or shelving scheme Dewey Decimal Classification
Koha item type Books
Holdings
Lost status Source of classification or shelving scheme Damaged status Not for loan Collection code Permanent Location Current Location Shelving location Date acquired Source of acquisition Cost, normal purchase price Total Checkouts Full call number Date last seen Copy number Koha item type
  Dewey Decimal Classification   Not For Loan Non-fiction Central Library, University of Rajshahi Central Library, University of Rajshahi Reading Room 12/04/1955 Allius book agency 8.10   160 KAG 1942 09/04/2014 C-1 Books